Signals and systems / (Record no. 152329)

MARC details
000 -LEADER
fixed length control field 01134nam a22002777a 4500
005 - DATE AND TIME OF LATEST TRANSACTION
control field 20190715115355.0
010 ## - LCCN (DPL NO)
LC control number B-694062 B-728362
020 ## - INTERNATIONAL STANDARD BOOK NUMBER
International Standard Book Number 9789332550230
Terms of availability 649.00
020 ## - INTERNATIONAL STANDARD BOOK NUMBER
Terms of availability 699.00
035 ## - SYSTEM CONTROL NUMBER
System control number B-694062
035 ## - SYSTEM CONTROL NUMBER
System control number B-728362
037 ## - SOURCE OF ACQUISITION
Source of stock number/acquisition RK Books
082 ## - DEWEY DECIMAL CLASSIFICATION NUMBER
Classification number 621.3822
100 ## - MAIN ENTRY--PERSONAL NAME
Personal name Oppenheim,Alan V.
245 ## - TITLE STATEMENT
Title Signals and systems /
Statement of responsibility, etc by Alan V. Oppenheim, Alan S Willsky [and] Syed Hamid Nawab
250 ## - EDITION STATEMENT
Edition statement 2nd ed
260 ## - PUBLICATION, DISTRIBUTION, ETC. (IMPRINT)
Place of publication, distribution, etc Noida
Name of publisher, distributor, etc Pearson
Date of publication, distribution, etc 2018
270 ## - ADDRESS
Address 15th Floor, Tower B, World Trade Tower, Plot No.1, Block -C, Sector-16
City Noida (UP)
Postal code 201301
300 ## - PHYSICAL DESCRIPTION
Extent 944p.:
Dimensions 23cm(pbk)
Other physical details ill.
500 ## - GENERAL NOTE
General note including bibliographical references and index<br/>
700 ## - ADDED ENTRY--PERSONAL NAME
Personal name Willsky, Alan S.
700 ## - ADDED ENTRY--PERSONAL NAME
Personal name Nawab, Syed Hamid
942 ## - ADDED ENTRY ELEMENTS (KOHA)
Source of classification or shelving scheme Dewey Decimal Classification
Item type English Books
Classification part 621.3822
Call number suffix OPP
Holdings
Withdrawn status Lost status Not for loan Collection code Home library Current library Date acquired Source of acquisition Cost, normal purchase price Full call number Barcode Copy number Cost, replacement price Koha item type
      Non-fiction Sarojini Nagar Sarojini Nagar 01/06/2018 R.K.Books/398/23.05.2018/456/18.05.2018/29.05.2018 649.00 621.3822 OPP B-694062 1 649.00 English Books
      Non-fiction Vinoba Puri Vinoba Puri 03/06/2019 RK Books/IN393/2019-20/24-05-19/05/20-05-19/28-05-19 699.00 621.3822 OPP B-728362 1 699.00 English Books

© Delhi Public Library
Hit Counter
free hit counter